| 000 | 00745cab a22001935a 4500 | ||
|---|---|---|---|
| 001 | L150672 | ||
| 008 | 100816e20100813xxko f 000 0 eng d | ||
| 035 | _a(Sirsi) u150672 | ||
| 041 | 0 | _aeng | |
| 100 | 1 | _aBarnes, Rachel | |
| 245 | 0 | 2 |
_aA return to a simpler time _bthe RIBA's latest conditions of appointment aren't perfect, but they've swept away many of the onerous obligations in the 2007 edition |
| 260 | _c2010 | ||
| 490 | 0 |
_aBuilding _v275 (8642) 13 August 2010, 52(1) |
|
| 520 | _aCompares the RIBA standard conditions of appointment 2007 and 2010 and observes that the 2010 set is a major improvement. | ||
| 590 | _aKA | ||
| 651 | 4 |
_aEngland and Wales _y1543- |
|
| 690 | _aBUILT ENVIRONMENT-BUILDING CONTRACT FORMS | ||
| 942 | _n0 | ||
| 999 |
_c82605 _d82605 |
||